000 01020nam a2200217Ii 4500
003 JO-AjNU
008 230605s9999||||xx |||||||||||||| ||und||
017 _a1988/7/362
040 _aJO-AjNU
_bara
_erda
_cJO-AjNU
041 _aara
050 1 4 _aPJ7750.S5.Z59 1988
100 3 _aتأليف الزبن، عدنان ساري ؛ م.مشارك عبد المجيد مهدي النسعة,
_eauthor
_947699
245 0 0 _aالشريفان الرضي محمد بن الحسين والملك الإمام عبدالله بن الحسين: دراسة أدبية مقارنة
264 3 1 _aعمان:وزارة الشباب،1988
300 _a76ص
336 _atext
_btxt
_2rdacontent
337 _aunmediated
_bn
_2rdamedia
338 _avolume
_bnc
_2rdacarrier
490 0 _aسلسلة التثقيف الشبابي(29) تصدرها وزارة الشباب في المملكة الأردنية الهاشمية
650 4 _aالشعر العربي - الأردن - تاريخ ونقد - القرن العشرين
_947700
999 _aA20841
_c24409
_d24409